• 首页
  • 本馆介绍
  • 公告通知
  • 最新文献
  • 馆藏检索
  • 电子资源
  • 读者导购
  • 参考咨询
  • 我的图书馆
  • 登录
  • 详细信息显示
  • 放入我的书架
  • 预约/预借图书
  • 作者相关作品
  • 分类相关作品
  • 丛书相关作品
  • 出版社相关作品

书目信息

  • 表格格式
  • 工作单格式
  • 卡片格式
题名:
李光耀观天下
    
 
作者: 李光耀 著
分册:  
出版信息: 北京   北京大学出版社  2015
页数: 299页
开本: 23cm
丛书名:
单 册:
中图分类: D5-53
科图分类:
主题词: 国际政治--guo ji zheng zhi--文集
电子资源:
ISBN: 978-7-301-25751-7
000 00999nam0 22002531 450
001 1730352680
005 20170525101555.0
010    @a978-7-301-25751-7@dCNY58.00
100    @a20150728d2015 em y0chiy50 ea
101 0  @achi
102    @aCN@b110000
105    @aa z 000yy
106    @ar
200 1  @a李光耀观天下@Ali guang yao guan tian xia@dOne man's view of the world@f(新加坡)李光耀著@zeng
210    @a北京@c北京大学出版社@d2015
215    @a299页@c照片@d23cm
330    @a本书主要收录了李光耀先生对世界大国和国际趋势的分析与见解。全书共十一章,前七章分别论及中国、美国、欧洲、日本、东南亚、新加坡以及中东等国家或地区,其余章节介绍了全球经济、能源和气候变化、个人生活等内容。
500 10 @a李光耀观天下@Ali guang yao guan tian xia
510 1  @aOne man's view of the world@zeng
606 0  @a国际政治@Aguo ji zheng zhi@j文集
690    @aD5-53@v5
701  0 @c(新加坡)@a李光耀@Ali guang yao@f(1923~2015)@4著
801  0 @aCN@bTANG WEI@c20170524
905    @b0969981-3@dD5-53@e216@f3
    
    李光耀观天下=One man's view of the world/(新加坡)李光耀著.-北京:北京大学出版社,2015
    299页:照片;23cm
    
    
    ISBN 978-7-301-25751-7:CNY58.00
    本书主要收录了李光耀先生对世界大国和国际趋势的分析与见解。全书共十一章,前七章分别论及中国、美国、欧洲、日本、东南亚、新加坡以及中东等国家或地区,其余章节介绍了全球经济、能源和气候变化、个人生活等内容。
●
相关链接 在E读中查询图书 在五车中查询图书 在当当中查询图书 在豆瓣中查询图书


正题名:李光耀观天下     索取号:D5-53/216         预约/预借

序号 登录号 条形码 馆藏地/架位号 状态 备注
1 0969981   209699815   第一样本阅览室/ [索取号:D5-53/216] 在馆    
2 0969982   209699824   第一借阅区/ [索取号:D5-53/216] 在馆    
3 0969983   209699833   第一借阅区/ [索取号:D5-53/216] 在馆    
唐山师范学院图书馆 欢迎您!
大连网信软件有限公司© 版权所有